|
|
|
|
| LEADER |
01124cam a2200289 a 4500 |
| 001 |
c000297902 |
| 003 |
CARM |
| 005 |
20090603184004.0 |
| 008 |
950911s1990 nyua bc 001 0 eng |
| 019 |
1 |
|
|a 7022878
|z 58500372
|5 LACONCORD2021
|
| 020 |
|
|
|a 0500275718 :
|c US 24.95
|
| 035 |
|
|
|a (OCoLC)21655299
|5 LACONCORD2021
|
| 043 |
|
|
|a e-uk---
|a e-uk-en
|
| 082 |
0 |
0 |
|a 709
|2 20
|
| 100 |
1 |
|
|a Hicks, Alistair.
|
| 245 |
1 |
0 |
|a New British art in the Saatchi Collection /
|c Alistair Hicks.
|
| 260 |
|
|
|a New York, N.Y :
|b Thames and Hudson,
|c 1990.
|
| 300 |
|
|
|a 168 p. :
|b col. ill. ;
|c 28 cm.
|
| 504 |
|
|
|a Includes bibliographical references and index.
|
| 610 |
2 |
0 |
|a Saatchi Collection
|x Catalogs.
|
| 650 |
|
0 |
|a Art
|z England
|z London
|x Catalogs.
|
| 650 |
|
0 |
|a Art, Modern
|y 20th century
|z Great Britain
|x Catalogs.
|
| 650 |
|
0 |
|a Figurative art, British
|x Catalogs.
|
| 710 |
2 |
|
|a Saatchi Collection.
|
| 852 |
8 |
|
|b CARM
|h A3:AE17D0
|i E02083
|p 0540090
|f BK
|
| 999 |
f |
f |
|i dd7ddf70-8e8d-58ef-82a4-265d3b799bab
|s ccee258f-76d3-5284-9649-37e4fed9d2d7
|
| 952 |
f |
f |
|p Can circulate
|a CAVAL
|b CAVAL
|c CAVAL
|d CARM 1 Store
|e E02083
|f A3:AE17D0
|h Other scheme
|i book
|m 0540090
|